000
00302nam a2200121 a 4500
005
20140414131903.0
008
100921s19uu xx 00 eng d
050
_a
FIC
_b
J71 1998
100
_a
Jones, Rebecca
245
_a
Germy blew it.
260
_a
New York :
_b
E.P. Dutton,
_c
1987.
999
_c
110760
_d
110760